Closest Genetic Populations to the Bretons - Statistics

General Stats
  • This quiz has been taken 20 times
  • The average score is 9 of 12
Answer Stats
Genetic Distance Ethnicity % Correct
1.118 English
100%
2.753 French
100%
1.062 Irish
100%
1.205 Welsh
94%
0.935 Scottish
89%
2.241 German
83%
1.417 Dutch
78%
1.800 Norwegian
72%
1.541 Danish
67%
2.711 Swedish
67%
2.402 Belgian
61%
1.701 Icelander
17%
No matching quizzes found
Score Distribution
Percent of People with Each Score
Percentile by Number Answered
Your Score History
You have not taken this quiz